Statistics for Plant cells, Animal cells and cells! (Normal)

Click here to take the quiz!

General Stats

  • This quiz has been taken 115 times
  • The average score is 10 of 15

Answer Stats

QuestionAnswer% Correct
What are all organisms made out of?Cells
95%
What are cells?They are the basic building blocks of life that contain DNA
95%
What are cells made out ofMolecules, Organelles...
88%
What is photosynthesisWhen a plant uses light H2O CO2 to create O2 and energy as sugar
87%
What do the chloroplasts doThey help with photosynthesis
84%
Where is the DNA in a cell stored?Nucleus
78%
What are some special organelles that only plant cells haveChloroplasts
70%
What does DNA stand forDeoxyribonucleic acid
65%
What is one of the differences between animal and plant cellsPlant cells have a cell wall instead of a cell membrane
60%
What is another difference between plant and animal cellsPlant cells have a larger vacuole than animal cells
59%
What is something that animal and plant cells haveThey both have cytoplasm.
59%
What is another important difference between animal and plant cellsAll of below
48%
Bonus: What does E.Coli meanEscherichia coli
45%
Bonus: Are viruses living thingsNo
30%
What is another difference between animal cells and plant cells.Animal cells have a special tail to move around but plant cells don't.
10%

Score Distribution

Percentile by Number Answered

Percent of People with Each Score

Your Score History

You have not taken this quiz